000 00685nam a2200217Ii 4500
003 JO-AjNU
008 230605s9999||||xx |||||||||||||| ||und||
017 _a1985/550
040 _aJO-AjNU
_bara
_erda
_cJO-AjNU
041 _aara
050 1 4 _aDS79.9.B25.J3478 1985
100 3 _aكمال الدين، جليل,
_eauthor
_938691
245 0 0 _aبغداد مركز العلم والثقافة العالمية في القرون الوسطى
250 _aط1
264 3 1 _aبغداد(د.ن)، 1985
300 _a151ص
336 _atext
_btxt
_2rdacontent
337 _aunmediated
_bn
_2rdamedia
338 _avolume
_bnc
_2rdacarrier
650 4 _aالعراق- تاريخ
_938692
999 _aA16277
_c19845
_d19845